000 01102nam a2200277Ia 4500
003 OSt
005 20221005111939.0
006 a|||||r|||| 00| 0
007 ta
008 221004b |||||||| |||| 00| 0 hin d
020 _c300
024 _a3857
037 _b428, 11/03/2013, Eastern Book Linkers
_cTextual
040 _aCRL
_cCRL
_bhin
041 _2hin
_ahin
082 _aLB:526, 152Q0
100 _aचौहान, जहान सिंह
245 0 _aआयुर्वेद की पेटेंट औड्ढधियां
246 _aĀyurved kī peṭeanṭa auḍḍhadhiyāan
260 _aवाराणसी
_bचौखम्बा सुरभारती प्रकाशन भारम
_c2010
300 _a771पृ0
_ccm.
490 _aचौखम्बा आयुर्विज्ञान ग्रन्थमाला; 8
650 _aऔषधी शास्त्र
942 _hLB:526, 152Q0
_cTEXL
_2cc
999 _c1023382
_d1023382